Ideologie autoritativního režimu - příklad Turkmenistánu

Vývoj turkménskej národnej identity a štátnosti. Takzvaný "turkménsky model rozvoja". Ideológia a kult osobnosti v praxi. Turkménska história. Vývoj kultu osobnosti v Turkménsku.

Saved in:
Bibliographic Details
Main Author: Horák, Slavomír
Format: Book Chapter
Language:Czech
Subjects:
Tags: Add Tag
No Tags, Be the first to tag this record!

MARC

LEADER 00000naa$a2200000$$$4500
001 0004176
005 20231004105904.5
041 0 |a cze 
044 |a CZ 
245 1 0 |a Ideologie autoritativního režimu - příklad Turkmenistánu  |c aut. Slavomír Horák 
520 |a Vývoj turkménskej národnej identity a štátnosti. Takzvaný "turkménsky model rozvoja". Ideológia a kult osobnosti v praxi. Turkménska história. Vývoj kultu osobnosti v Turkménsku. 
610 2 0 |a Turkménsko 
610 2 0 |a história 
610 2 0 |a ideológia 
610 2 0 |a identita 
610 2 0 |a menšiny národnostné 
100 1 |a Horák, Slavomír